000
00290nam a2200109Ia 4500
008
171211s9999 xx 000 0 und d
245
_a
WinWord 2 für Power User
245
_c
Matthias Rojahn
260
_c
2012
650
_x
SOFTWARE
856
_u
http://down.ebook777.com/063/3642776418.pdf
999
_c
349309
_d
349309